| 000 | 01042nam a2200325 a 4500 | ||
|---|---|---|---|
| 003 | OSt | ||
| 005 | 20210818181631.0 | ||
| 008 | 140329s2001 ck gr 0001f spa d | ||
| 020 | _a958808914X (v.1) | ||
| 040 |
_bspa _aCOMFC _erda |
||
| 041 | _aspa | ||
| 100 | 1 |
_aCervantes Saavedra, Miguel de, _d1547-1616. _eaut |
|
| 245 | 1 | 3 |
_aEl ingenioso hidalgo don Quijote de La Mancha / _cMiguel de Cervantes Saavedra. |
| 250 | _aEdición de Martín Alonso. | ||
| 264 | 0 | 1 |
_aBogotá : _bCasa Editorial El Tiempo, _c2001. |
| 300 |
_a428 páginas ; _c21 cm. |
||
| 336 |
_2rdacontent _atxt |
||
| 337 |
_2rdamedia _an |
||
| 338 |
_2rdacarrier _anc |
||
| 490 | 0 |
_aBiblioteca El Tiempo ; _v2-3 |
|
| 700 | 1 | _aAlonso, Martín, | |
| 082 | 0 | 4 |
_a863.3 _bSA112i _219 |
| 650 | 4 | _aNovela española. | |
| 650 | 4 |
_aLocura _v Novela. |
|
| 650 | 4 |
_aAmistad _v Novela. |
|
| 650 | 4 |
_aCaballeros y caballería _v Novela. |
|
| 650 | _aHistorias de aventuras. | ||
| 942 |
_2ddc _h863.3 SA112i _k863.3 _mSA112i |
||
| 949 | _a | ||
| 999 |
_c11626 _d11626 |
||